[Event "Sparkassen Open A 2013"]
[Site "Dortmund GER"]
[Date "2013.07.31"]
[Round "5.2"]
[White "Schmittdiel, Eckhard"]
[Black "Kartsev, Soel"]
[Result "1-0"]
[WhiteTitle "GM"]
[WhiteElo "2435"]
[BlackElo "2223"]
[WhiteFideId "4600096"]
[BlackFideId "4130561"]
[EventDate "2013.07.27"]

1. e4 c6 2. c4 d5 3. exd5 cxd5 4. d4 Nf6 5. Nc3 Nc6 6. Bg5 Be6 7. Rc1 h6 8. Bxf6
exf6 9. a3 Be7 10. c5 a5 11. Na4 O-O 12. Nb6 Rb8 13. Qd2 f5 14. f4 g5 15. Bb5
Qc7 16. Ne2 Na7 17. Qxa5 Nc8 18. Nc4 Qxa5+ 19. Nxa5 Na7 20. Bd3 b6 21. cxb6 Rxb6
22. b4 Rxb4 23. axb4 Bxb4+ 24. Kf2 Bxa5 25. Ra1 Bb6 26. Rhb1 Nc8 27. Ba6 Bc7 28.
Bxc8 Rxc8 29. Rc1 Kg7 30. Ra6 Bxf4 31. Rxc8 Bxc8 32. Ra8 Be6 33. Nxf4 gxf4 34.
Kf3 Kg6 35. Kxf4 f6 36. Ra7 Bg8 37. Re7 h5 38. g3 Bf7 39. Rxf7 Kxf7 40. Kxf5 Ke7
41. Kg6 Ke6 42. h4 1-0

[Event "Sparkassen Open A 2013"]
[Site "Dortmund GER"]
[Date "2013.07.31"]
[Round "5.3"]
[White "Wagner, Alexej"]
[Black "Torres-Kuckel, Rafael"]
[Result "1-0"]
[BlackTitle "FM"]
[WhiteElo "2220"]
[BlackElo "2269"]
[WhiteFideId "4129555"]
[BlackFideId "4625072"]
[EventDate "2013.07.27"]

1. d4 Nf6 2. c4 g6 3. Nc3 Bg7 4. e4 d6 5. Nf3 O-O 6. Be2 c5 7. d5 b5 8. cxb5 a6
9. b6 Nbd7 10. O-O Nxb6 11. a4 Rb8 12. h3 Nbd7 13. Qc2 Qa5 14. Nd2 Ne8 15. Ra3
Rb4 16. Na2 Rb8 17. Nb3 Qb6 18. Bd2 Nef6 19. Ba5 Qa7 20. Bc3 Bb7 21. Na5 Rfc8
22. Qd3 Ba8 23. Qxa6 Qxa6 24. Bxa6 Rc7 25. Re1 e6 26. dxe6 fxe6 27. Bb5 d5 28.
exd5 exd5 29. Re7 Rd8 30. Be5 Ra7 31. Nc6 Bxc6 32. Bxc6 Nxe5 33. Bxd5+ Nxd5 34.
Rxa7 Nf4 35. Rb3 Nc4 36. Nc3 Nxb2 37. Rxg7+ Kxg7 38. Rxb2 Rd3 39. Rb7+ Kh6 40.
Ne4 Ne6 41. Re7 Ng5 42. Nxg5 Kxg5 43. Re5+ Kf6 44. Rxc5 Ra3 45. a5 Ra1+ 46. Kh2
Ra2 47. Kg3 Ra3+ 48. f3 Ra2 49. h4 h5 50. Rg5 Rb2 51. f4 Ra2 52. Kf3 Ra1 53. Ke2
Ra3 54. Kd2 Ra1 55. Kc3 Ra2 56. Kb4 Rf2 57. g3 Ra2 58. Kb5 Rb2+ 59. Kc6 Ra2 60.
Kb6 1-0

[Event "Sparkassen Open A 2013"]
[Site "Dortmund GER"]
[Date "2013.07.31"]
[Round "5.4"]
[White "Jesse, Ingemars"]
[Black "Friedel, Marcus"]
[Result "1-0"]
[WhiteTitle "FM"]
[WhiteElo "2320"]
[BlackElo "2120"]
[WhiteFideId "11602724"]
[BlackFideId "4688708"]
[EventDate "2013.07.27"]

1. g3 d5 2. Bg2 Nf6 3. Nf3 c6 4. O-O Bg4 5. d4 Nbd7 6. Nbd2 e6 7. Re1 Be7 8. e4
dxe4 9. Nxe4 Nxe4 10. Rxe4 Bf5 11. Re1 O-O 12. c3 h6 13. Qb3 Qb6 14. Nd2 Bd3 15.
Re3 Ba6 16. Nc4 Qc7 17. Re1 Nb6 18. Ne5 Nd7 19. Ng6 Rfe8 20. Rxe6 fxe6 21. Qxe6+
Kh7 22. Nxe7 Bd3 23. Be4+ Bxe4 24. Qxe4+ Kh8 25. Bf4 Qd8 26. Ng6+ Kg8 27. Ne5
Nxe5 28. Bxe5 Qd5 29. Qxd5+ cxd5 30. a4 Rac8 31. Ra3 Re6 32. a5 Ra6 33. Kg2 Rcc6
34. b4 Rc4 35. b5 Re6 36. Kf3 a6 37. Rb3 axb5 38. Rxb5 Rxc3+ 39. Kg4 Re7 40.
Rxd5 Rc2 41. Rd8+ Kh7 42. f4 Rxh2 43. Kf5 Rh5+ 44. Ke4 Rh3 45. d5 Rxg3 46. d6
Rf7 47. d7 Kg6 48. f5+ Rxf5 49. Bxg3 Rf7 50. Ke5 1-0

[Event "Sparkassen Open A 2013"]
[Site "Dortmund GER"]
[Date "2013.07.31"]
[Round "5.5"]
[White "Schoder, Volker"]
[Black "Scheider, Julian"]
[Result "0-1"]
[WhiteElo "2095"]
[BlackElo "2305"]
[WhiteFideId "24602213"]
[BlackFideId "24601284"]
[EventDate "2013.07.27"]

1. d4 Nf6 2. c4 c5 3. d5 b5 4. cxb5 a6 5. b6 e6 6. Nc3 Nxd5 7. Nxd5 exd5 8. Qxd5
Nc6 9. Nf3 Rb8 10. Ne5 Qf6 11. Nxc6 dxc6 12. Qf3 Be7 13. Bd2 Rxb6 14. Bc3 Qg6
15. Qg3 Bf6 16. Qe3+ Be6 17. Qxc5 Bxc3+ 18. Qxc3 O-O 19. b3 c5 20. e3 c4 21. b4
a5 22. a3 h6 23. f3 axb4 24. axb4 Rfb8 25. Kf2 Rxb4 26. Be2 Rb2 27. Rhe1 Rc2 28.
Qd4 Rbb2 29. e4 Qh5 30. Qd6 Rd2 31. Qf4 Qb5 32. e5 Rxe2+ 33. Rxe2 Rxe2+ 0-1

[Event "Sparkassen Open A 2013"]
[Site "Dortmund GER"]
[Date "2013.07.31"]
[Round "5.7"]
[White "Heck, Norbert"]
[Black "Strathoff, Martin"]
[Result "1-0"]
[WhiteTitle "FM"]
[WhiteElo "2280"]
[BlackElo "2059"]
[WhiteFideId "4622928"]
[BlackFideId "24609560"]
[EventDate "2013.07.27"]

1. d4 d5 2. Nf3 Nf6 3. g3 e6 4. Bg2 Be7 5. O-O O-O 6. c4 Nbd7 7. Qc2 c6 8. Nbd2
b6 9. b3 Bb7 10. Bb2 Rc8 11. e4 dxe4 12. Nxe4 c5 13. Nxf6+ Nxf6 14. dxc5 Rxc5
15. Nd4 Bxg2 16. Kxg2 Qa8+ 17. Kg1 h5 18. Qe2 Rd8 19. Rad1 Rc7 20. Nf3 Rcd7 21.
Rxd7 Rxd7 22. Ne5 Rd8 23. Rd1 Rxd1+ 24. Qxd1 Qe4 25. Bd4 Bd6 26. f3 Qf5 27. Nc6
h4 28. Bf2 hxg3 29. hxg3 Bc5 30. Kg2 a5 31. Qe2 Kf8 32. a3 Nd7 33. b4 axb4 34.
axb4 Bxf2 35. Kxf2 b5 36. Qd2 Ke8 37. g4 Qb1 38. Qd6 Qb2+ 39. Kg3 Qf6 40. Qc7 1-0

[Event "Sparkassen Open A 2013"]
[Site "Dortmund GER"]
[Date "2013.07.31"]
[Round "5.9"]
[White "Schmuecker, Marcus"]
[Black "Plassmann, Dominik"]
[Result "1-0"]
[WhiteElo "2255"]
[BlackElo "2078"]
[WhiteFideId "4658892"]
[BlackFideId "24673498"]
[EventDate "2013.07.27"]

1. Nf3 Nf6 2. c4 e6 3. g3 b6 4. Bg2 Bb7 5. O-O Be7 6. Nc3 c5 7. Re1 d5 8. cxd5
exd5 9. d4 O-O 10. b3 Ne4 11. Bb2 Bf6 12. Rc1 Nd7 13. Nxe4 dxe4 14. Nd2 Re8 15.
Qc2 Qe7 16. dxc5 Bxb2 17. Qxb2 Nxc5 18. Nc4 Rad8 19. Ne3 g6 20. Ng4 h5 21. Nf6+
Kf8 22. Nxe8 Kxe8 23. Qh8+ Qf8 24. Qxf8+ Kxf8 25. Red1 Rxd1+ 26. Rxd1 Ke7 27. b4
Na4 28. Rc1 Kd6 29. e3 b5 30. Bf1 a6 31. Be2 Bd5 32. a3 Nb6 33. Kf1 f5 34. Ke1
Bf7 35. h4 Be6 36. Kd2 Bd5 37. Kc3 Be6 38. Kd4 Bd5 39. Rf1 Be6 40. f3 exf3 41.
Bxf3 Nc4 42. Rc1 Bd7 43. Rc3 Be6 44. e4 a5 45. exf5 axb4 46. axb4 Bxf5 47. Rxc4
bxc4 48. Kxc4 Kc7 49. Kc5 Bd3 50. b5 Bf5 51. b6+ Kb8 52. Kd6 Bc2 53. Ke5 1-0

[Event "Sparkassen Open A 2013"]
[Site "Dortmund GER"]
[Date "2013.07.31"]
[Round "5.14"]
[White "Schorra, Helmut"]
[Black "Schulze, Marc"]
[Result "1/2-1/2"]
[WhiteElo "2083"]
[BlackElo "1926"]
[WhiteFideId "4648692"]
[BlackFideId "1271126"]
[EventDate "2013.07.27"]

1. c4 c5 2. g3 Nc6 3. Bg2 g6 4. Nc3 Bg7 5. d3 Nf6 6. a3 O-O 7. Bg5 h6 8. Bd2 e6
9. Qc1 Nd4 10. Qd1 d5 11. e3 Nc6 12. Nge2 Ne5 13. O-O Nxd3 14. cxd5 exd5 15. Qc2
Bf5 16. Qb3 Ne4 17. Nxe4 dxe4 18. Bc3 Qe7 19. Bxg7 Kxg7 20. Nf4 Rfd8 21. Rfd1
Rac8 22. Nxd3 exd3 23. e4 Be6 24. Qc3+ Qf6 25. e5 Qf5 26. Bxb7 Rb8 27. Ba6 Rb3
28. Qxc5 Rxb2 29. Qe3 Re2 30. Bxd3 Rxe3 31. Bxf5 Rxd1+ 32. Rxd1 Rxe5 1/2-1/2

[Event "Sparkassen Open A 2013"]
[Site "Dortmund GER"]
[Date "2013.07.31"]
[Round "5.15"]
[White "Steinle, Carsten"]
[Black "Eckardt, Joshua"]
[Result "1/2-1/2"]
[WhiteElo "2229"]
[BlackElo "2023"]
[WhiteFideId "24676462"]
[BlackFideId "12941646"]
[EventDate "2013.07.27"]

1. d4 Nf6 2. Bf4 e6 3. e3 b6 4. Bd3 Bb7 5. Nf3 Be7 6. Nbd2 c5 7. O-O cxd4 8.
exd4 O-O 9. h3 d6 10. Re1 Nbd7 11. c4 d5 12. b3 Rc8 13. Qe2 Re8 14. Ne5 Nf8 15.
Ndf3 Ne4 16. Rac1 Bb4 17. Red1 f6 18. cxd5 fxe5 19. Nxe5 exd5 20. Qh5 Qf6 21.
Qg4 Ng6 22. Nxg6 Qxg6 23. Qd7 Qf7 24. Qg4 h5 25. Qf3 g5 26. Be5 Qxf3 27. gxf3
Nc3 28. Rf1 a6 29. Kg2 Nb5 30. Bf5 Rxc1 31. Rxc1 Nd6 32. Bg6 Rc8 33. Rg1 h4 34.
Kh1 Nf7 35. Bxf7+ Kxf7 36. Rxg5 Rg8 37. Rh5 Be7 38. Rh7+ Ke8 39. Rh6 b5 40. Kh2
Kd7 41. f4 Rf8 42. Kg2 Bc6 43. Kf3 b4 44. Kg4 Bb5 45. f5 Rg8+ 46. Kf3 Rf8 47.
Kf4 Bd3 48. f6 Bd6 49. Kg5 Bxe5 50. dxe5 Ke6 51. f4 d4 52. f7+ Kxf7 53. Rd6 Bb1
54. Rxd4 a5 55. f5 Ke7 56. f6+ Ke6 57. Kf4 Bxa2 58. Rd6+ Kf7 59. Rd7+ Kg6 60.
Rg7+ Kh6 61. Ra7 Bxb3 62. Rxa5 Be6 63. Ra6 Bxh3 64. Rb6 Bg2 65. Rxb4 h3 66. Kf5
Kh5 67. Rb1 h2 68. e6 h1=Q 69. Rxh1+ Bxh1 70. e7 Rxf6+ 1/2-1/2

[Event "Sparkassen Open A 2013"]
[Site "Dortmund GER"]
[Date "2013.07.31"]
[Round "5.16"]
[White "Ciornei, Dragos"]
[Black "Zolfagharian, Kevin"]
[Result "0-1"]
[WhiteElo "2205"]
[BlackElo "2010"]
[WhiteFideId "4619200"]
[BlackFideId "12933570"]
[EventDate "2013.07.27"]

1. e4 c5 2. Nf3 Nc6 3. d4 cxd4 4. Nxd4 Nf6 5. Nc3 d6 6. Bc4 e6 7. Bb3 Be7 8. Be3
O-O 9. Qe2 a6 10. O-O-O Qc7 11. g4 Nxd4 12. Rxd4 b5 13. g5 Nd7 14. Rg1 Bb7 15.
f4 Nc5 16. f5 Nxb3+ 17. axb3 e5 18. Nd5 Bxd5 19. Rxd5 Rfc8 20. f6 Bf8 21. h4 a5
22. g6 fxg6 23. h5 a4 24. hxg6 axb3 25. f7+ Kh8 26. c3 b4 27. Qh5 h6 28. Rd3
bxc3 29. Rxc3 Qa5 30. Kd2 Rxc3 31. bxc3 Qa2+ 32. Ke1 Qb2 33. Bxh6 gxh6 34. g7+
Bxg7 0-1

[Event "Sparkassen Open A 2013"]
[Site "Dortmund GER"]
[Date "2013.07.31"]
[Round "5.19"]
[White "Reisberg, Andre"]
[Black "Zweschper, Erich"]
[Result "1/2-1/2"]
[WhiteElo "1955"]
[BlackElo "2116"]
[WhiteFideId "1270630"]
[BlackFideId "4643119"]
[EventDate "2013.07.27"]

1. d4 d5 2. c4 e6 3. Nc3 Nf6 4. cxd5 exd5 5. Bg5 c6 6. Qc2 Be7 7. e3 h6 8. Bh4
O-O 9. Bd3 Re8 10. Nge2 Ne4 11. Bxe7 Qxe7 12. O-O f5 13. a3 Nd7 14. b4 Ndf6 15.
h3 Bd7 16. Nf4 Qf7 17. Be2 g5 18. Nd3 Qg7 19. Ne5 Be6 20. Nxe4 Nxe4 21. Bd3 1/2-1/2

[Event "Sparkassen Open A 2013"]
[Site "Dortmund GER"]
[Date "2013.07.31"]
[Round "5.20"]
[White "Vogt, Marc Jonas"]
[Black "Bramkamp, Rainer"]
[Result "1/2-1/2"]
[WhiteElo "1893"]
[BlackElo "2081"]
[WhiteFideId "24695661"]
[BlackFideId "4667298"]
[EventDate "2013.07.27"]

1. e4 c6 2. d4 d5 3. Nc3 dxe4 4. Nxe4 Nf6 5. Nxf6+ exf6 6. Bc4 Qe7+ 7. Qe2 Be6
8. Bd3 Bd5 9. Nf3 Bxf3 10. gxf3 Qxe2+ 11. Bxe2 Bd6 12. Rg1 g6 13. h4 h5 14. Be3
Nd7 15. Bc4 Nb6 16. Bb3 Nd5 17. O-O-O b5 18. Kb1 Kd7 19. c3 Rhe8 20. Rge1 Re6
21. a4 a6 22. Kc2 Kc7 23. Ra1 Kb7 24. axb5 axb5 25. Kd2 Rxa1 26. Rxa1 Re8 27. c4
bxc4 28. Bxc4 Ra8 29. Rxa8 Kxa8 30. Bxd5 cxd5 31. f4 f5 32. f3 Kb7 33. Kc3 Kc6
34. Kb3 Kb5 35. Bd2 Be7 36. Be1 Bd8 37. Kc2 Bf6 38. Bf2 Bd8 39. Be1 Be7 40. Bd2
Bd6 41. Kb3 Bc7 42. Kc2 Kc4 43. Be3 Ba5 44. b3+ Kb5 45. Bd2 Bd8 46. Be1 Be7 47.
Kb2 f6 48. Bd2 Bd8 49. Kc2 Bb6 50. Kd3 Bc7 51. Kc2 Bd6 52. Kb2 Be7 53. Kc2 Ba3
54. Bc1 Bb4 1/2-1/2

[Event "Sparkassen Open A 2013"]
[Site "Dortmund GER"]
[Date "2013.07.31"]
[Round "5.21"]
[White "Garbuszus, Juergen"]
[Black "Herzum, Peter"]
[Result "1-0"]
[WhiteElo "2071"]
[BlackElo "1882"]
[WhiteFideId "24600768"]
[BlackFideId "12919217"]
[EventDate "2013.07.27"]

1. d4 Nf6 2. c4 c5 3. d5 b5 4. Nf3 g6 5. Qc2 d6 6. e4 Bg7 7. Be2 O-O 8. O-O bxc4
9. Nfd2 Na6 10. a3 Nd7 11. Nxc4 Ne5 12. Ne3 Nc7 13. f4 Nd7 14. Nc3 e6 15. Bd2
Nb6 16. Rad1 exd5 17. exd5 Re8 18. Kh1 Bb7 19. Bf3 f5 20. Rfe1 Qf6 21. Na4 Nb5
22. Nxb6 axb6 23. Qb3 Nd4 24. Qxb6 Rab8 25. Bc3 Kh8 26. Nc4 Red8 27. Re6 Qxe6
28. dxe6 Bxf3 29. e7 Re8 30. Qxb8 Rxb8 31. gxf3 Re8 32. Re1 Bf6 33. Nxd6 Rxe7
34. Rxe7 Bxe7 35. Nb5 Bf6 36. Nxd4 cxd4 37. Bd2 Kg7 38. Kg1 Kf7 39. Kf1 Ke6 40.
b3 d3 41. Ke1 Kd5 42. Be3 Bc3+ 43. Kd1 h6 44. Bd2 Bf6 45. Ba5 Kd4 46. Kd2 Be7
47. Bc3+ Kd5 48. a4 Bd6 49. Be5 Bc5 50. Kxd3 h5 51. h3 g5 52. Bc3 g4 53. fxg4
hxg4 54. hxg4 fxg4 55. Be1 Bd6 56. Bg3 Bb4 57. f5 Ba5 58. Bf4 Bb4 59. f6 Ke6 60.
Kc4 Be1 61. b4 Kxf6 62. a5 Ke6 63. a6 Bf2 64. Kd3 Kd5 65. Be3 1-0

[Event "Sparkassen Open A 2013"]
[Site "Dortmund GER"]
[Date "2013.07.31"]
[Round "5.22"]
[White "Meyes, Richard"]
[Black "Scheck, Kyrill"]
[Result "1-0"]
[WhiteElo "1808"]
[BlackElo "2070"]
[WhiteFideId "12932833"]
[BlackFideId "1271861"]
[EventDate "2013.07.27"]

1. Nf3 g6 2. c4 Bg7 3. e4 c5 4. d4 cxd4 5. Nxd4 Nc6 6. Be3 Nf6 7. Nc3 O-O 8. Be2
d6 9. O-O Bd7 10. Qd2 Ng4 11. Bxg4 Bxg4 12. Nxc6 bxc6 13. Bh6 Bxh6 14. Qxh6 e5
15. Qd2 Qe7 16. h3 Be6 17. b3 g5 18. Rad1 Rad8 19. g4 h5 20. f3 f6 21. Kg2 Kg7
22. Kg3 Rh8 23. Rh1 Kf7 24. Rh2 Qc7 25. Rhh1 Ke7 26. Rc1 Qb8 27. Kg2 Rh7 28. Qe3
Rdh8 29. Rcd1 Qb6 30. Qxb6 axb6 31. a4 Kd7 32. Kg3 Kc7 33. Rd2 Rd7 34. Rhd1 Rhd8
35. Na2 d5 36. gxh5 d4 37. Nb4 Rh8 38. Rh1 Rxh5 39. Nd3 Kd6 40. Rdh2 Rh4 41. Rd2
Rdh7 42. Nf2 Rh8 43. Rh2 Rb8 44. Ng4 Ke7 45. Ra2 Ra8 46. Rhb2 Rhh8 47. Rh2 Ra7
48. Rab2 Raa8 49. Ra2 Rhf8 50. h4 gxh4+ 51. Rxh4 Rh8 52. Rah2 Rxh4 53. Rxh4 Bxg4
54. Rxg4 b5 55. cxb5 cxb5 56. axb5 Rb8 57. Rg7+ Kd6 58. f4 Rxb5 59. fxe5+ fxe5
60. Rg6+ Kc5 61. Kf2 Kb4 62. Ke2 Kxb3 63. Kd2 Kc4 64. Rc6+ Rc5 65. Re6 Ra5 66.
Rc6+ Rc5 67. Re6 Kb5 68. Rd6 Ka4 69. Rb6 Ka5 70. Re6 Kb5 71. Rd6 Rc3 72. Rd5+
Kc4 1-0

[Event "Sparkassen Open A 2013"]
[Site "Dortmund GER"]
[Date "2013.07.31"]
[Round "5.25"]
[White "Huckebrink, Chris"]
[Black "Kuckling, Hannah"]
[Result "1-0"]
[WhiteElo "2034"]
[BlackElo "1953"]
[WhiteFideId "12900320"]
[BlackFideId "24603660"]
[EventDate "2013.07.27"]

1. e4 c5 2. Nf3 e6 3. b3 Nc6 4. Bb2 Qc7 5. d4 cxd4 6. Nxd4 Nf6 7. Nxc6 Qxc6 8.
e5 Nd5 9. c3 Nf4 10. f3 Nd5 11. Qd3 Qc7 12. c4 Bb4+ 13. Nd2 Nf4 14. Qe4 Ng6 15.
a3 Bxd2+ 16. Kxd2 O-O 17. h4 d5 18. cxd5 exd5 19. Qd4 Be6 20. Rc1 Qd7 21. a4 a6
22. Bd3 Ne7 23. Ba3 Rfc8 24. Bxe7 Qxe7 25. b4 Bd7 26. a5 Bc6 27. f4 Re8 28. g4
Rac8 29. Qc5 Qxc5 30. Rxc5 Bd7 31. g5 Rxc5 32. bxc5 g6 33. Kc3 Kg7 34. h5 Rc8
35. Kd4 Be6 36. f5 gxf5 37. Rf1 h6 38. gxh6+ Kxh6 39. Bxf5 Bxf5 40. Rxf5 Kg7 41.
h6+ Kxh6 42. Rxf7 Kg6 43. Rxb7 Kf5 44. Rf7+ Kg5 45. Kxd5 Rd8+ 46. Kc6 Re8 47.
Kd6 Rd8+ 48. Rd7 Rb8 49. c6 Rb1 50. c7 Rc1 51. Rd8 1-0

[Event "Sparkassen Open A 2013"]
[Site "Dortmund GER"]
[Date "2013.07.31"]
[Round "5.28"]
[White "Hecht, Carsten"]
[Black "Armbruester, Juergen"]
[Result "1/2-1/2"]
[WhiteElo "2087"]
[BlackElo "1954"]
[WhiteFideId "24693928"]
[BlackFideId "24681229"]
[EventDate "2013.07.27"]

1. e4 e5 2. Nf3 Nf6 3. Nxe5 d6 4. Nf3 Nxe4 5. Nc3 Nxc3 6. dxc3 Nc6 7. Be3 Be7 8.
Qd2 Bf5 9. O-O-O O-O 10. h4 a5 11. h5 a4 12. a3 Bf6 13. h6 g6 14. Bd3 Bxd3 15.
Qxd3 Ne5 16. Nxe5 Bxe5 17. f4 Bf6 18. g4 Qd7 19. g5 Bh8 20. Bd4 Qf5 21. Qxf5
gxf5 22. Bf6 Rfe8 23. Bxh8 Kxh8 24. Rd5 Re4 25. Rxf5 Kg8 26. Rf1 c6 27. Rf6 Rd8
28. Kd2 d5 29. Re1 Rde8 30. Rxe4 Rxe4 31. Rd6 Kf8 32. Rd8+ Ke7 33. Rh8 Rxf4 34.
Rxh7 Ke6 35. Rh8 Rh4 36. Rb8 b5 37. Rb6 Kd6 38. Rb7 Ke6 39. Rc7 Kf5 40. Rxc6
Kxg5 41. Rc5 Rxh6 42. Rxd5+ f5 43. Rxb5 Rh2+ 44. Kd3 Rh3+ 45. Ke2 Kg4 46. Rd5 1/2-1/2

[Event "Sparkassen Open A 2013"]
[Site "Dortmund GER"]
[Date "2013.07.31"]
[Round "5.29"]
[White "Meyer, Juergen1"]
[Black "Schuetzhold, Frank"]
[Result "1-0"]
[WhiteElo "2075"]
[BlackElo "1886"]
[WhiteFideId "4623878"]
[BlackFideId "4624980"]
[EventDate "2013.07.27"]

1. e4 d6 2. d4 Nf6 3. Nc3 g6 4. g3 Bg7 5. Bg2 c6 6. Nge2 O-O 7. O-O e5 8. a4 a5
9. h3 Na6 10. Bg5 h6 11. Be3 Kh7 12. Qd2 Qe7 13. f4 Be6 14. d5 cxd5 15. exd5 Bc8
16. fxe5 Qxe5 17. Bd4 Qe7 18. Rae1 Nd7 19. Bxg7 Kxg7 20. Nf4 Ne5 21. Nd3 f6 22.
Nxe5 fxe5 23. Rxf8 Qxf8 24. Rf1 Qe7 25. Ne4 Bf5 26. Qxa5 Nc7 27. Qb4 Nxd5 28.
Qb3 Bxe4 29. Bxe4 Nf6 30. Qxb7 Qxb7 31. Bxb7 Rb8 32. Bc6 Rxb2 33. c4 Rb6 34. Bb5
Ne4 35. a5 Rb8 36. a6 Nd2 37. Rf2 Nb3 38. Bc6 1-0

[Event "Sparkassen Open A 2013"]
[Site "Dortmund GER"]
[Date "2013.07.31"]
[Round "5.30"]
[White "Rolf, Marco"]
[Black "Businger, Paul"]
[Result "1/2-1/2"]
[WhiteElo "1932"]
[BlackElo "2073"]
[WhiteFideId "24691143"]
[BlackFideId "1306111"]
[EventDate "2013.07.27"]

1. d4 Nf6 2. c4 c5 3. d5 b5 4. Qc2 d6 5. e4 g6 6. Nf3 Bg7 7. h3 O-O 8. cxb5 a6
9. bxa6 Bxa6 10. Nbd2 Bxf1 11. Nxf1 Qa5+ 12. N1d2 Na6 13. O-O Nb4 14. Qc4 Nxa2
15. e5 Nd7 16. exd6 exd6 17. Ne4 Qb4 18. Nxd6 Nb6 19. Qxb4 Nxb4 20. Be3 N6xd5
21. Bxc5 Rxa1 22. Rxa1 Bxb2 23. Ra7 Nd3 24. Bd4 Bxd4 25. Nxd4 N3f4 26. Kh2 Ne6
27. Nf3 Nec7 1/2-1/2

[Event "Sparkassen Open A 2013"]
[Site "Dortmund GER"]
[Date "2013.07.31"]
[Round "5.31"]
[White "Grahl, Matthias"]
[Black "Begna, Bozidar"]
[Result "0-1"]
[WhiteElo "1935"]
[BlackElo "2042"]
[WhiteFideId "4692918"]
[BlackFideId "4633555"]
[EventDate "2013.07.27"]

1. e4 Nf6 2. e5 Nd5 3. c4 Nb6 4. c5 Nd5 5. Nc3 Nxc3 6. dxc3 d6 7. cxd6 exd6 8.
Nf3 Be7 9. Be2 O-O 10. Bf4 d5 11. Qd2 c5 12. Rd1 Qb6 13. O-O Nc6 14. b3 Rd8 15.
Bg5 h6 16. Bxe7 Nxe7 17. Bd3 Bf5 18. Bxf5 Nxf5 19. Qf4 Qe6 20. h4 Kh7 21. Rd2
Rac8 22. Rfd1 Ne7 23. c4 Ng6 24. cxd5 Nxf4 25. dxe6 Rxd2 26. Rxd2 Nxe6 27. Rd7
Rc7 28. Rxc7 Nxc7 29. Nd2 Nd5 30. Ne4 b6 31. g3 Kg8 32. f4 Kf8 33. Kf2 Ke7 34.
f5 Nb4 35. Ke3 Nxa2 36. Nd6 Nc1 37. Ke4 Nxb3 38. Kd5 Nd4 39. g4 Nf3 40. Nc8+ Kd7
41. Nxa7 Nd4 42. Kc4 h5 43. f6 g6 44. gxh5 gxh5 45. Kd5 Nf5 46. Nc6 Nxh4 47.
Nb8+ Kd8 48. e6 fxe6+ 49. Kxe6 Ng6 50. Nc6+ Ke8 51. f7+ Kf8 52. Kf6 Nh8 0-1

[Event "Sparkassen Open A 2013"]
[Site "Dortmund GER"]
[Date "2013.07.31"]
[Round "5.33"]
[White "Biermann, Florian"]
[Black "Nepveu, Manuel"]
[Result "1/2-1/2"]
[WhiteElo "1807"]
[BlackElo "1955"]
[WhiteFideId "2812630"]
[BlackFideId "1006339"]
[EventDate "2013.07.27"]

1. e4 e6 2. d3 d5 3. Nd2 Nf6 4. Ngf3 dxe4 5. dxe4 Bc5 6. Bd3 Nc6 7. Nb3 Bb6 8.
c3 h6 9. O-O a5 10. a4 O-O 11. e5 Ng4 12. Bf4 Nxf2 13. Rxf2 Bxf2+ 14. Kxf2 Ne7
15. Qe2 Ng6 16. Be3 b6 17. Rd1 Qe7 18. Be4 Rb8 19. Nbd4 Bd7 20. Bc6 Qe8 21. Qb5
Rd8 22. Rd2 Bxc6 23. Qxc6 Qxc6 24. Nxc6 Rxd2+ 25. Bxd2 Re8 26. b4 axb4 27. cxb4
Ra8 28. a5 bxa5 29. bxa5 Kf8 30. Nfd4 Ke8 31. Ke3 Kd7 32. Bb4 f6 33. Ke4 fxe5
34. Nxe5+ Nxe5 35. Kxe5 c5 36. Bxc5 Rxa5 37. Nxe6 Ra2 38. Nxg7 Rxg2 39. Kf6 Rxh2
40. Kg6 Rg2+ 41. Kxh6 Rxg7 1/2-1/2

[Event "Sparkassen Open A 2013"]
[Site "Dortmund GER"]
[Date "2013.07.31"]
[Round "5.35"]
[White "Wegelin, Reinhard"]
[Black "Noordhoek, Henk"]
[Result "0-1"]
[WhiteElo "1935"]
[BlackElo "2090"]
[WhiteFideId "1305778"]
[BlackFideId "1004565"]
[EventDate "2013.07.27"]

1. d4 Nf6 2. f3 d5 3. e4 c5 4. dxc5 Qa5+ 5. Nc3 dxe4 6. Be3 e6 7. Bb5+ Bd7 8.
Qe2 Nd5 9. Bd2 e3 10. Bxd7+ Nxd7 11. Bxe3 Nxc3 12. Qd2 Bxc5 13. Bxc5 Qxc5 14.
Qxc3 Qxc3+ 15. bxc3 Rc8 16. Ne2 Nf6 17. O-O-O Ke7 18. Rd3 Rc5 19. Rhd1 Rhc8 20.
g4 R8c7 21. a3 Nd5 22. Kb2 Nb6 23. Kb3 Rb5+ 24. Ka2 Nc4 25. Rb1 Rxb1 26. Kxb1
Nxa3+ 27. Kb2 Nc4+ 28. Kb3 b5 29. Nd4 a6 30. Rd1 Nd6 31. Ra1 Nb7 32. Ne2 e5 33.
Rd1 f6 34. Kb4 Rc4+ 35. Kb3 Nc5+ 36. Kb2 Na4+ 37. Kb3 Rc8 38. Rd5 Ke6 39. Rd1 g6
40. h4 h5 41. Rg1 Rc4 42. Rg2 Nb6 43. gxh5 gxh5 44. Ng3 Rxh4 45. Ne4 Nd7 46. Rd2
f5 0-1

[Event "Sparkassen Open A 2013"]
[Site "Dortmund GER"]
[Date "2013.07.31"]
[Round "5.36"]
[White "Hassler, Rolf"]
[Black "Werrn, Pascal"]
[Result "1-0"]
[WhiteElo "1887"]
[BlackElo "1970"]
[WhiteFideId "4638255"]
[BlackFideId "4670035"]
[EventDate "2013.07.27"]

1. e4 c5 2. Nc3 a6 3. g3 b5 4. Bg2 Bb7 5. Nh3 e6 6. O-O d6 7. d3 Nd7 8. f4 Be7
9. Ng5 h5 10. h4 Ngf6 11. Bh3 Qb6 12. Be3 d5 13. exd5 Nxd5 14. Nxd5 Bxd5 15. a4
b4 16. a5 Qc7 17. c4 bxc3 18. bxc3 c4 19. d4 Nf6 20. Qa4+ Qc6 21. Qxc6+ Bxc6 22.
f5 exf5 23. Bxf5 g6 24. Bh3 O-O 25. Bg2 Bxg2 26. Kxg2 Nd5 27. Bd2 Bxg5 28. hxg5
Rab8 29. Rab1 Rfe8 30. Kf3 Rbc8 31. Rb7 Rc7 32. Rfb1 Rec8 33. Rxc7 Rxc7 34. Rb8+
Kh7 35. Bf4 Rd7 36. Be5 f6 37. Bxf6 Nxf6 38. gxf6 Rd5 39. Ke4 Rxa5 40. f7 1-0

[Event "Sparkassen Open A 2013"]
[Site "Dortmund GER"]
[Date "2013.07.31"]
[Round "5.37"]
[White "Dyballa, Gerhard"]
[Black "Simon, Thomas"]
[Result "1-0"]
[WhiteElo "1970"]
[BlackElo "1938"]
[WhiteFideId "4645189"]
[BlackFideId "24645990"]
[EventDate "2013.07.27"]

1. c4 c5 2. Nc3 Nc6 3. g3 e6 4. Bg2 Nge7 5. e4 d5 6. d3 dxc4 7. dxc4 Qxd1+ 8.
Nxd1 Nd4 9. Ne3 Nec6 10. Nf3 Nxf3+ 11. Bxf3 Nd4 12. Bg2 Bd7 13. e5 Bc6 14. Bxc6+
Nxc6 15. f4 O-O-O 16. Bd2 Be7 17. O-O-O Nd4 18. Nc2 Ne2+ 19. Kb1 Nd4 20. Be3 Nf5
21. Bf2 h5 22. Kc1 Kc7 23. Rxd8 Rxd8 24. Rd1 Rxd1+ 25. Kxd1 Kc6 26. Ke2 a6 27.
Kf3 b5 28. b3 g6 29. h3 bxc4 30. bxc4 Bd8 31. g4 hxg4+ 32. hxg4 Ng7 33. Be1 f5
34. g5 Ne8 35. Ne3 Kd7 36. Ng2 Ke7 37. Nh4 Kf7 38. Ke2 Ng7 39. Bf2 Bb6 40. Ng2
Ne8 41. Ne1 Nc7 42. Nd3 Ke7 43. Bxc5+ Bxc5 44. Nxc5 Kd8 45. Kd3 Ke7 46. Kc3 Ne8
47. Nxa6 Ng7 48. Nc5 Nh5 49. Nd3 Ng3 50. Kb4 Ne2 51. a4 Nd4 52. Kc5 Nb3+ 53. Kb6
Nd2 54. c5 Nc4+ 55. Kc7 Na5 56. c6 Nc4 57. Kb8 Na5 58. Nb4 Nxc6+ 59. Nxc6+ Kd7
60. Kb7 1-0